| 000 | 00918cam a2200289 a 4500 | ||
|---|---|---|---|
| 999 |
_c511310 _d511310 |
||
| 001 | 15165888 | ||
| 005 | 20190919050534.0 | ||
| 008 | 080204s2007 ug ab 000 0 eng | ||
| 010 | _a 2008346145 | ||
| 020 | _a9789970637096 | ||
| 040 |
_aDLC _cDLC |
||
| 042 | _alcode | ||
| 043 | _af-ug--- | ||
| 050 | 0 | 0 |
_aDT433.227 _b.A75 2007 |
| 082 | _aOA6x6761 | ||
| 100 | 1 |
_aAsiimwe, Agnes. _910733 |
|
| 245 | 1 | 0 |
_aUganda the pearl : _ba photographic journey. |
| 260 |
_aKampala : _bTourguide Publications, _cc2007. |
||
| 300 |
_a241 p. : _bcol. ill., col. map ; _c29 cm. |
||
| 500 | _aCover title. | ||
| 500 | _a"Writers, Agnes Asiimwe, Angela Nampewo"--P. [2]. | ||
| 651 | 0 |
_aUganda _xDescription and travel. _910734 |
|
| 651 | 0 |
_aUganda _vPictorial works. _910735 |
|
| 700 | 1 |
_aNampewo, Angela. _910736 |
|
| 906 |
_a7 _bcbc _corigode _d3 _encip _f20 _gy-gencatlg |
||